[Event "NOR-chT Codanserien 2017-18"]
[Site "Oslo"]
[Date "2017.12.03"]
[Round "3"]
[White "Predojevic, Borki"]
[Black "Devereaux, Maxim L"]
[Result "1-0"]
[WhiteElo "2625"]
[BlackElo "2374"]
[Annotator "TA"]
[PlyCount "67"]
[EventDate "2017.??.??"]
[EventType "team-tourn"]
[EventCountry "NOR"]
[SourceTitle "playchess.com"]
[Source "ChessBase"]
[SourceQuality "1"]

{[%evp 20,67,109,75,137,146,133,133,187,189,186,172,225,219,252,250,399,343,385,361,481,369,481,461,522,523,516,508,513,525,608,608,602,592,637,595,657,755,760,754,752,736,994,985,953,920,1561,1885,1579,1527]} 1. Nf3 c5 2. c4 Nc6 3. Nc3 g6 4. e3 d6 5. d4 Bg7 6. d5 Ne5 7. Nxe5 {A35: Symmetrical English: 2 Nc3 Nc6 3 Nf3} dxe5 (7... Bxe5 8. Bd2 e6 9. Qb3 Ne7 10. dxe6 Bxe6 11. Be2 O-O 12. O-O Rb8 13. a4 d5 14. cxd5 Nxd5 15. Bc4 Nxc3 16. Bxc3 Bxh2+ 17. Kxh2 {0-1 (25) Kveinys,A (2545)-Grandelius,N (2656) Puhajarve 2017}) 8. e4 Nf6 9. Be2 O-O 10. Be3 b6 11. a3 {LiveBook: 3 Games} Nd7 ({Better is} 11... e6) 12. g4 $146 {[%cal Bg2g4,Bg4g5][%mdl 32]} ({Predecessor:} 12. O-O Bb7 13. b4 Rc8 14. Na4 f5 15. f3 Ba6 16. bxc5 bxc5 {0-1 (42) Suba,M (2430)-Balshan,A (2415) Hastings 1978}) 12... e6 13. g5 Bb7 {[#]} (13... exd5 $16 14. Qxd5 (14. cxd5 f5 $16) (14. exd5 e4 $11) 14... Rb8) 14. h4 $1 $18 {[%cal Bh2h4,Bh4h5][%mdl 32]} exd5 15. cxd5 f5 {[#]} (15... a6 {was called for.} 16. h5 Re8) 16. gxf6 $1 Qxf6 17. h5 c4 (17... Rf7 $142 18. hxg6 hxg6) 18. Bxc4 Rac8 19. Ba2 Ba6 20. Qg4 Qf3 21. d6+ {White is clearly winning.} Bc4 22. Qxf3 Rxf3 23. Nd5 Bxa2 24. Ne7+ (24. Rxa2 Bf8 $16) 24... Kf7 {aiming for ...Rc2.} 25. hxg6+ ({Weaker is} 25. Rxa2 Rc2 $16) 25... hxg6 {Threatens to win with ...Rc2.} 26. Nxc8 Bc4 27. Rc1 Bd3 28. Rc7 Ke6 29. Rh7 Rf7 30. Bh6 Bxh6 31. Rxf7 Kxf7 32. Rxd7+ Kf6 33. Rh7 {Intending d7 and mate.} Bg5 34. Re7 {Precision: White = 91%, Black = 29%.} 1-0

[Event "NOR-chT Codanserien 2017-18"]
[Site "Oslo"]
[Date "2017.12.03"]
[Round "3"]
[White "Lie, Kjetil A"]
[Black "Borresen, Georg S"]
[Result "1/2-1/2"]
[WhiteElo "2538"]
[BlackElo "2253"]
[Annotator "TA"]
[PlyCount "46"]
[EventDate "2017.??.??"]
[EventType "team-tourn"]
[EventCountry "NOR"]
[SourceTitle "playchess.com"]
[Source "ChessBase"]
[SourceQuality "1"]

{[%evp 10,46,47,14,22,6,17,10,21,23,31,0,0,16,53,41,23,29,14,19,28,34,46,31,47,33,35,34,44,0,0,0,0,-147,-39,-157,-157,-193,0]} 1. d4 Nf6 2. Bf4 g6 3. Nc3 d6 4. e4 Bg7 5. Qd2 c6 6. O-O-O {LiveBook: 5 Games. B07: Pirc Defence: Miscellaneous Systems} (6. Nf3 b5 7. a3 O-O 8. h3 Bb7 9. O-O-O b4 10. axb4 a5 11. b5 cxb5 12. e5 b4 13. exf6 bxc3 14. Qxc3 Bxf6 {1-0 (46) Rodshtein,M (2699)-Mchedlishvili,M (2604) Heraklio 2017}) 6... b5 7. Bd3 O-O 8. h4 $146 {[%cal Bh2h4,Bh4h5][%mdl 32] The position is equal.} ({Predecessor:} 8. f3 Nbd7 9. Bh6 e5 10. dxe5 dxe5 11. Bxg7 Kxg7 12. f4 exf4 13. Qxf4 Nh5 14. Qe3 Qb6 15. Qxb6 axb6 16. a3 Ne5 17. Nf3 {0-1 (69) Yaremko,N (2159)-Kuzubov,Y (2554) Kiev 2004}) 8... b4 9. Nce2 Qa5 10. Kb1 $1 e5 11. Bg5 Ng4 12. Nh3 exd4 13. h5 Be6 14. Nc1 Re8 15. Nb3 Bxb3 16. cxb3 Nd7 17. hxg6 hxg6 18. Qf4 Nge5 19. Qh4 Nxd3 20. Rxd3 Qe5 $36 {[%mdl 2048] And now ...Nc5 would win. Black fights for an advantage.} 21. Nf4 {[#]} (21. f3 $11 {keeps the balance.}) 21... Qxe4 (21... Nf8 $1 $17 {White must now prevent ...f6.} 22. Bh6 Bf6) 22. Qh7+ (22. f3 $15 Qe5 23. Rd2 (23. Qh7+ $2 Kf8 $19)) 22... Kf8 $17 23. Qh4 Kg8 $2 {Precision: White = 60%, Black = 63%.} ({Black should play} 23... a5 $19 24. f3 Qe5) 1/2-1/2

[Event "NOR-chT Codanserien 2017-18"]
[Site "Oslo"]
[Date "2017.12.03"]
[Round "3"]
[White "Blomqvist, Erik"]
[Black "Lie, Espen"]
[Result "1/2-1/2"]
[WhiteElo "2499"]
[BlackElo "2459"]
[Annotator "TA"]
[PlyCount "157"]
[EventDate "2017.??.??"]
[EventType "team-tourn"]
[EventCountry "NOR"]
[SourceTitle "playchess.com"]
[Source "ChessBase"]
[SourceQuality "1"]

{[%evp 17,157,30,32,32,29,21,27,13,23,21,17,8,10,8,13,2,22,9,0,4,18,22,28,27,43,25,35,35,48,38,37,32,34,24,41,25,52,48,63,63,57,53,58,66,73,61,95,95,104,116,107,40,40,45,45,39,67,52,52,39,67,52,52,52,68,52,60,0,0,0,52,61,54,58,72,15,35,0,70,72,73,73,73,74,74,74,265,277,174,0,0,-4,28,0,0,0,0,0,-3,-10,0,0,0,0,0,-6,0,-11,-11,-11,-11,-11,-11,-14,-14,-14,0,0,0,0,0,0,0,0,0,0,0,0,0,0,0,0,0,0,0,0,0,0,0,0,0,0]} 1. e4 d6 2. d4 {[%cal Bd2d4,Bd4d5][%mdl 32]} Nf6 3. Nc3 g6 4. Nf3 Bg7 5. Be2 O-O 6. O-O Nc6 7. d5 Ne5 8. Nxe5 dxe5 9. Bg5 {B08: Pirc Defence: Classical System} h6 {LiveBook: 3 Games} 10. Be3 (10. Bh4 Ne8 11. Na4 g5 12. Bg3 Nd6 13. f3 e6 14. c4 exd5 15. cxd5 f5 16. Qc2 f4 17. Bf2 b6 18. Rfc1 {1-0 (42) Jakovenko,D (2714)-Bocharov,D (2611) Novosibirsk 2016}) 10... e6 11. dxe6 {White has an edge.} Bxe6 12. Qxd8 Rfxd8 13. Rfd1 a6 14. a4 $146 ({Predecessor:} 14. Rxd8+ Rxd8 15. f3 Rd6 16. Rd1 Rxd1+ 17. Nxd1 Nd7 18. Kf2 Bf8 19. b3 Kg7 {½-½ (19) Kmiecik,K (2029)-Arnold,H (2057) GER email 2011}) 14... Bf8 15. f3 Kg7 16. a5 Bb4 17. Rxd8 Rxd8 18. Nd1 Ne8 19. Nf2 Be7 20. Nd3 f6 21. Nc5 Bxc5 22. Bxc5 Nd6 23. Kf2 Nb5 24. Ke3 Nd4 25. Bd3 f5 26. g3 f4+ 27. gxf4 exf4+ 28. Kxf4 {Black must now prevent Ke5.} Nb3 $1 29. cxb3 Rxd3 $14 {[%mdl 4096] Endgame KRB-KRB} 30. b4 Kf7 31. h4 Rd2 32. Ke5 Rxb2 33. Rc1 $1 Rb3 34. Be3 (34. Bf8 $1 $16) 34... c6 35. Bxh6 Rxb4 36. Kd6 Rb5 37. Bd2 Rb2 38. Bc3 Rb5 39. f4 Bg4 40. Re1 Rb3 41. Bd4 Rd3 42. Kc5 Rb3 $1 43. Kd6 Rd3 44. Ke5 Rb3 45. Bb6 Rh3 46. Bd8 ({White should try} 46. Rb1 $16) 46... Rd3 47. Bb6 Rh3 48. Rb1 Be2 49. Bc5 Bb5 50. Rd1 Bd3 51. Rd2 Ke8 $2 {[#]} (51... Kg8 $16) 52. Kf6 $1 $18 Rf3 {[#]} 53. Kg7 $2 ({Don't do} 53. Kxg6 $6 Bxe4+ 54. Kg5 Rc3 $16) (53. Bb6 $1 $18) 53... Bxe4 $11 54. Rb2 Rc3 55. Ba7 Kd7 {The position is equal.} 56. Rxb7+ Ke6 57. Bd4 Ra3 58. Bb6 Kf5 59. Ra7 Bd3 60. Rc7 Rc3 61. Bd4 Rc4 62. Be5 Rc5 63. Rd7 Rd5 64. Rxd5 cxd5 {KB-KB} 65. Kf7 Bc4 66. Ke7 Ke4 67. Kf6 {Threatens to win with f5.} d4 {And now ...d3 would win.} 68. Kxg6 {Kg5 is the strong threat.} d3 69. Bc3 Kxf4 70. Kf6 Ke3 {Hoping for ...d2.} 71. Ke5 d2 {[#]} (71... Bf7 {looks sharper.} 72. Kf6 Bh5 73. Kg5 Be2 74. h5 Bf3) 72. Bxd2+ $1 {[%mdl 512]} Kxd2 {KB-KPP} 73. Kd4 Be2 (73... Bf7 $5) 74. Kc5 Kc3 75. Kb6 Kd4 {[#]} 76. h5 $1 {[%mdl 512]} Ke5 (76... Bxh5 77. Kxa6) 77. h6 Kf6 78. Kc5 Kg6 79. Kd4 {Precision: White = 65%, Black = 57%.} 1/2-1/2

[Event "NOR-chT Codanserien 2017-18"]
[Site "Oslo"]
[Date "2017.12.03"]
[Round "3"]
[White "Gausel, Einar"]
[Black "Galchenko, Matvey"]
[Result "1/2-1/2"]
[WhiteElo "2479"]
[BlackElo "2340"]
[Annotator "TA"]
[PlyCount "54"]
[EventDate "2017.??.??"]
[EventType "team-tourn"]
[EventCountry "NOR"]
[SourceTitle "playchess.com"]
[Source "ChessBase"]
[SourceQuality "1"]

{[%evp 16,54,10,5,27,25,34,33,29,18,25,27,29,25,45,29,79,50,79,79,90,25,35,0,0,-7,0,0,0,0,0,-54,-64,-56,-60,-60,-67,-69,-57,-60,-53]} 1. d4 Nf6 2. Nf3 c5 3. d5 e6 4. Nc3 exd5 5. Nxd5 Nxd5 6. Qxd5 Nc6 7. e4 d6 8. Bc4 {A43: Schmid Benoni} (8. Ng5 Qc7 9. Bc4 Ne5 10. Bb5+ Nc6 11. O-O h6 12. Nf3 Be6 13. Qd3 Be7 14. Bf4 g5 15. Bg3 h5 16. h4 gxh4 17. Nxh4 {0-1 (43) Landa,K (2625)-Ponkratov,P (2604) Minsk 2015}) 8... Be6 9. Qd3 {LiveBook: 20 Games} Bxc4 10. Qxc4 {White has an edge.} Be7 11. O-O {[%cal Bh1f1,Bf1d1,Bd1d5][%mdl 32]} O-O 12. Rd1 Qb6 13. Rb1 Rad8 14. Bf4 h6 $146 ({Predecessor:} 14... Rfe8 15. Rd3 Nb4 {½-½ (37) Hauschild,A (2266)-Kaphle,S (2172) Germany 2012}) 15. a3 a5 16. Rd5 Na7 {[%cal Bc6a7,Ba7c8,Bc8b6][%mdl 32]} 17. Qd3 Qc6 18. Rd1 ({White should try} 18. Qd2 $16) 18... Nc8 $11 19. c4 Nb6 20. Rh5 Rfe8 21. Bd2 a4 22. Ba5 $36 {[%mdl 2048] White is pushing.} Bf6 23. Qc2 ({White should play} 23. Nd2 $11) 23... Ra8 $15 {Black is slightly better.} 24. Bxb6 Qxb6 25. Rd2 Qb3 26. Rhd5 $1 Qxc2 27. Rxc2 Ra6 {Precision: White = 60%, Black = 49%.} 1/2-1/2

[Event "NOR-chT Codanserien 2017-18"]
[Site "Oslo"]
[Date "2017.12.03"]
[Round "3"]
[White "Notkevich, Benjamin Arvola"]
[Black "Agdestein, Simen"]
[Result "1/2-1/2"]
[WhiteElo "2455"]
[BlackElo "2588"]
[Annotator "TA"]
[PlyCount "107"]
[EventDate "2017.??.??"]
[EventType "team-tourn"]
[EventCountry "NOR"]
[SourceTitle "playchess.com"]
[Source "ChessBase"]
[SourceQuality "1"]

{[%evp 15,107,-51,-51,-117,-17,-15,-20,-19,-20,-64,-60,-40,-55,-68,-60,-102,-106,-106,-112,-207,-220,-246,-190,-184,-118,-106,-98,-121,-95,-100,-95,-136,-130,-137,-150,-137,-154,-219,-216,-228,-238,-341,-227,-211,-216,-206,-188,-219,-191,-199,-198,-185,-146,-142,-135,-187,-170,-188,-188,-173,-173,-257,-266,-253,-249,-232,-239,-283,-284,-286,-247,-266,-256,-423,-300,-274,28,28,28,28,28,28,28,28,28,28,41,41,54,68,79,8,8,8]} 1. e4 c5 2. Nf3 e6 3. d4 cxd4 4. Nxd4 Nc6 5. c4 Nf6 6. Nc3 Bb4 7. Nxc6 bxc6 8. e5 Ne4 $1 {[%cal Re4c3] LiveBook: 11 Games. B44: Sicilian: Taimanov: 5 Nb5} 9. a3 ({White should play} 9. Bd2 $15 Bxc3 10. Bxc3) (9. Qd4 Qa5 10. a3 Nxc3 11. axb4 Qxa1 12. Qxc3 a5 13. bxa5 Qxa5 14. b4 Qa1 15. Qe3 Qb1 16. Bd3 Qxb4+ {0-1 (32) Mierins,E (2196)-Zeng,C (2537) Riga 2017}) 9... Bxc3+ $146 (9... Nxc3 $17 10. Qb3 Ba5 11. bxc3 Qh4) ({Predecessor:} 9... Nxc3 10. Qc2 Nd5+ 11. axb4 Nxb4 12. Qe4 Bb7 13. c5 a5 14. Bc4 Ba6 15. Bxa6 Rxa6 16. O-O {1-0 (33) Renteria,J (2319)-Cortes Jurado,R (2101) Madrid 2011}) 10. bxc3 $11 Qa5 11. Qd4 Rb8 $40 {[%mdl 128] Black mounts an attack.} (11... Qxc3+ $6 12. Qxc3 Nxc3 13. a4 $16) 12. Be3 {With the idea Rc1.} d5 $1 (12... Qxc3+ $6 13. Qxc3 Nxc3 14. Bxa7 $16) (12... Nxc3 13. Bd2 $18) 13. exd6 e5 14. Qd3 O-O 15. f3 {[#]} Nc5 $1 {[%cal Rc5d3]} 16. Bxc5 Qxc5 17. d7 (17. Qd2 $17) 17... Bxd7 $1 $19 18. Qd2 (18. Qxd7 $2 Qe3+ 19. Be2 Rbd8 $19) 18... Bf5 19. Qf2 Qxf2+ (19... Qa5 $19 20. Qe3 Rb3) 20. Kxf2 $17 Rb2+ 21. Be2 Bd3 22. Rhe1 Bxc4 23. Ke3 Be6 24. Rab1 Rfb8 25. Rxb2 Rxb2 {[%mdl 4096] Endgame KRB-KRB} 26. Rd1 (26. f4 $17 {was called for.}) 26... f5 $19 27. Bf1 {intending Rd6.} Kf7 28. Rd6 (28. g4 {was necessary.}) 28... Rb6 29. f4 exf4+ 30. Kxf4 Ke7 31. Ke5 Bd7 32. Rd4 Rb3 33. Ra4 Rxc3 34. Rxa7 Re3+ 35. Kd4 (35. Kf4 $17 {keeps fighting.} Re4+ 36. Kf3) 35... f4 36. g3 {[#]} Kd6 $1 37. gxf4 Rf3 38. Bg2 (38. Be2 {was worth a try.} Rxf4+ 39. Kc3) 38... Rf2 ({But not} 38... Rxf4+ 39. Ke3 $19) 39. Be4 Rxf4 ({Don't play} 39... Rxh2 40. Ke3 $17) 40. Ke3 Rh4 41. a4 g5 (41... Rxh2 42. Ra8 $19) 42. a5 Rh3+ ({Don't take} 42... Rxh2 43. Ra8 $19) 43. Kf2 Rxh2+ 44. Ke3 $2 (44. Bg2) 44... Rh3+ 45. Kf2 h5 $2 {[#]} (45... g4 $19 46. Ra8 Ra3 47. Bxh7 c5) 46. Rxd7+ $1 $11 {[%mdl 512]} Kxd7 {KR-KB} 47. Bf5+ Kc7 48. Bxh3 {aiming for Bf1. KB-K3P} Kb7 49. Bf1 {Threatens to win with Ke3.} h4 50. Kf3 {Hoping for Bc4.} h3 51. Kg3 g4 $1 52. Be2 {Black must now prevent Bd3.} Ka7 53. Bxg4 (53. Bc4 $16) 53... Ka6 54. Bxh3 {Precision: White = 50%, Black = 77%.} 1/2-1/2

[Event "NOR-chT Codanserien 2017-18"]
[Site "Oslo"]
[Date "2017.12.03"]
[Round "3"]
[White "Holm, Kristian Stuvik"]
[Black "Myrstad, Odd Magnus"]
[Result "1-0"]
[WhiteElo "2431"]
[BlackElo "2060"]
[Annotator "TA"]
[PlyCount "63"]
[EventDate "2017.??.??"]
[EventType "team-tourn"]
[EventCountry "NOR"]
[SourceTitle "playchess.com"]
[Source "ChessBase"]
[SourceQuality "1"]

{[%evp 16,63,65,47,100,53,240,219,228,247,288,264,247,264,284,290,285,268,358,360,331,353,349,343,384,387,373,369,480,437,451,449,477,482,533,340,371,347,433,431,458,455,420,446,443,421,533,531,1310,1324]} 1. Nf3 d5 2. c4 e6 3. g3 dxc4 4. Qa4+ Bd7 5. Qxc4 Bc6 6. Bg2 Nd7 7. O-O Ngf6 8. Nc3 Be7 {A13: Reti-Eröffnung} 9. e4 {LiveBook: 7 Partien} Nc5 $146 (9... a5 $14) ({Vorgänger:} 9... O-O 10. Re1 Nc5 11. Ne5 Nfd7 12. Nxc6 bxc6 13. e5 Nb6 14. Qf1 Nd3 {0-1 (52) Cornette,M (2567)-Rios,C (2405) Barbera del Valles 2012}) 10. Ne5 {[#] Droht stark d4.} O-O $2 (10... Nfd7 $1 $14 11. Nxc6 bxc6) 11. Nxc6 bxc6 12. d4 Nb7 13. Qxc6 Rb8 14. Rd1 Na5 15. Qa6 c6 16. b3 Qc7 17. Bf4 Qb6 18. Qxb6 Rxb6 19. Bc7 Bb4 20. Bxb6 axb6 21. Rac1 c5 22. d5 exd5 23. exd5 Rd8 24. Nb5 c4 25. bxc4 Bc5 26. Bf3 Nb7 27. d6 Nxd6 28. Nxd6 Rxd6 29. Rxd6 Bxd6 {Weiß steht klar auf Gewinn.} 30. a4 {[%cal Ba2a4,Ba4a5][%mdl 32]} Kf8 {[#]} 31. c5 $1 bxc5 32. a5 {Precision: Weiß = 85%, Schwarz = 16%.} 1-0

[Event "NOR-chT Codanserien 2017-18"]
[Site "Oslo"]
[Date "2017.12.03"]
[Round "3"]
[White "Djurhuus, Rune"]
[Black "Hobber, Anders"]
[Result "1/2-1/2"]
[WhiteElo "2421"]
[BlackElo "2290"]
[Annotator "TA"]
[PlyCount "81"]
[EventDate "2017.??.??"]
[EventType "team-tourn"]
[EventCountry "NOR"]
[SourceTitle "playchess.com"]
[Source "ChessBase"]
[SourceQuality "1"]

{[%evp 19,81,25,40,38,44,39,50,45,47,43,44,38,31,48,45,45,56,50,54,45,46,46,52,61,87,74,85,56,60,28,54,32,38,33,33,35,56,30,90,83,73,-105,124,0,0,0,0,0,0,0,0,0,0,0,0,0,0,0,0,0,0,0,0,0]} 1. e4 e6 2. d4 d5 3. e5 c5 4. c3 Nc6 5. Nf3 Bd7 6. Bd3 Rc8 7. dxc5 Bxc5 {C02: French: Advance Variation} 8. O-O (8. b4 Be7 9. O-O f6 10. Re1 Nxe5 11. Nxe5 fxe5 12. Qh5+ Kf8 13. Qxe5 Bf6 14. Qg3 e5 15. Bc2 {½-½ (79) Kaczmarek,A (2363)-Lagarde,M (2601) Teplice 2017}) 8... Nge7 9. Bf4 Ng6 10. Bg3 O-O {LiveBook: 3 Games} 11. Nbd2 f5 12. exf6 $1 Qxf6 13. Nb3 Bb6 14. Bxg6 Qxg6 15. Nbd4 Nxd4 16. Nxd4 Qf6 $146 17. Nf3 Be8 18. Bd6 Rf7 19. Qd2 Qd8 20. Bg3 Rxf3 21. gxf3 Bg6 22. Rfe1 Qf6 23. Qf4 {[#] Threatens to win with Qxf6.} Bf5 $1 24. Re2 Qg6 25. Rae1 h6 26. Qd6 {[%cal Re2e6]} Re8 27. Kg2 Kh7 28. Qd7 Qh5 (28... Rf8 $1 $11) 29. h4 $16 Rf8 30. Qxb7 $2 (30. Re5 $16) 30... Rf6 $2 (30... Bd3 $17 {stays on course.} 31. Kh2 (31. Rxe6 $2 Qxf3+ 32. Kh2 Bxf2 $19) 31... Bxe2 32. Rxe2 Rxf3) 31. Qe7 (31. Re5 $16) 31... Bd3 $36 {[%mdl 2048] [#]The position is equal. Black has some pressure.} 32. Re3 $1 {[%cal Re3d3]} Qf5 (32... Bxe3 33. Rxe3) 33. Qb4 ({Wrong is} 33. Rxe6 $2 Qxf3+ 34. Kh2 Bxf2 $19) 33... Bxe3 34. Rxe3 Be2 {[%cal Re2f3]} 35. Qg4 $1 Qc2 $1 {White must now prevent ...e5.} 36. h5 {Be5 is the strong threat.} ({Not} 36. Be5 $2 Rg6 $19) 36... Qd1 37. Be5 Qf1+ 38. Kh2 $1 Qxf2+ 39. Qg2 Qxe3 40. Bxf6 gxf6 41. Qg6+ {Precision: White = 68%, Black = 48%.} 1/2-1/2

[Event "NOR-chT Codanserien 2017-18"]
[Site "Oslo"]
[Date "2017.12.03"]
[Round "3"]
[White "Hole, Oystein"]
[Black "Salomon, Johan"]
[Result "0-1"]
[WhiteElo "2333"]
[BlackElo "2475"]
[Annotator "TA"]
[PlyCount "94"]
[EventDate "2017.??.??"]
[EventType "team-tourn"]
[EventCountry "NOR"]
[SourceTitle "playchess.com"]
[Source "ChessBase"]
[SourceQuality "1"]

{[%evp 28,94,-7,-46,-44,-78,-78,-73,-68,-100,-76,-77,-45,-42,-43,-41,-45,-62,-33,-52,-52,-197,-205,-243,-224,-212,-214,-301,-157,-301,-134,-584,-90,-456,-134,-139,0,0,8,0,0,-565,-565,-565,-557,-556,-532,-525,-516,-520,-472,-734,-658,-29975,-29977,-29979,-29980,-29980,-29981,-29981,-29981,-29981,-29982,-29984,-29985,-29985,-29986,-29986,-29987]} 1. Nf3 d5 2. d4 Nf6 3. c4 e6 4. Nc3 Bb4 5. cxd5 exd5 6. Bg5 h6 7. Bxf6 Qxf6 8. Qa4+ Nc6 9. e3 O-O 10. Be2 Be6 11. O-O a6 12. Rfc1 Bd6 {D38: Queen's Gambit Declined: Ragozin Defence (4 Nf3 Bb4)} 13. a3 Ne7 14. b4 c6 15. Qb3 {LiveBook: 4 Games} g5 {[%cal Bg7g5,Bg5g4][%mdl 32] [#]} 16. Ra2 $146 ({Predecessor:} 16. Qb2 Qg7 17. Na4 Rae8 18. Nc5 Bc8 19. g3 Nf5 20. Bd3 {1-0 (34) Aronian,L (2777)-Anand,V (2797) Baden-Baden 2015}) 16... g4 17. Nd2 h5 18. Nf1 Kg7 19. Na4 Rae8 20. Nc5 Bc8 21. a4 h4 22. b5 {[%cal Rb5a6]} axb5 23. axb5 g3 24. fxg3 (24. Nd3 $1 $15) 24... hxg3 $19 25. Nxg3 Bxg3 26. hxg3 Nf5 $1 27. Rf1 (27. Bg4 $142 Rxe3 28. Qd1 Rxg3 29. Bxf5 Bxf5 30. Qe1 Qxd4+ 31. Qf2 Qxf2+ 32. Rxf2) 27... Qg5 ({Better is} 27... Qh6 $19 28. e4 dxe4) 28. Rf3 (28. e4 $17 {was necessary.} Nxg3 29. bxc6) 28... Nxe3 (28... Rxe3 $19 29. Rxe3 Nxe3) 29. bxc6 $2 {[%mdl 8192]} (29. Nd3 $17 {nothing else works.}) 29... bxc6 $2 (29... Rh8 $1 $19 30. Qb1 (30. cxb7 $2 Ng4 $19) 30... Qh6) 30. Qc3 $2 {[%mdl 8192]} (30. Qb8 $17 {is more resistant.}) 30... Bg4 $2 (30... Rh8 $19 {Strongly threatening ...Qh6.} 31. g4 Nxg4) 31. Rf4 $17 {[#] next Qxe3! is good for White.} Bxe2 (31... Bh5 $1 $17 32. Nd3 Rh8 33. Qxc6 Bg6) 32. Rxe2 $11 Nf5 33. Qf3 Rxe2 ({Wrong is} 33... Nxd4 $2 34. Qc3 $18) 34. Rg4 $2 {[%mdl 8192] [#]} (34. Qxe2 $11 {and White stays safe.} Nh6 35. Nd7) 34... Rxg2+ $1 $19 35. Kxg2 {[#]} (35. Qxg2 Qxg4) 35... Ne3+ $1 {[%mdl 512]} 36. Qxe3 Qxg4 {[%mdl 4096] Endgame KQR-KQN} 37. Qe5+ Kg8 38. Nd7 {[#] And now Nf6+ would win.} Qe4+ $1 ({Stronger than} 38... Qxd7 39. Qg5+ Kh8 40. Qh5+ Kg7 41. Qg5+ Kh7 42. Qh5+ Kg8 43. Qg5+ Kh8 44. Qh5+ Kg8 45. Qg5+ $11) 39. Qxe4 (39. Kf2 $142 Qxe5 40. Nxe5) 39... dxe4 40. Nxf8 Kxf8 {K3P-KPP. Black mates.} 41. g4 Ke7 42. Kf2 Kf6 43. Ke3 Kg5 44. Kxe4 Kxg4 45. Ke5 f5 {[%cal Bf7f5,Bf5f4,Bf4f3][%mdl 32]} 46. Kd6 f4 47. Kxc6 f3 {Precision: White = 29%, Black = 40%.} 0-1

[Event "NOR-chT Codanserien 2017-18"]
[Site "Oslo"]
[Date "2017.12.03"]
[Round "3"]
[White "Mikalsen, Erlend"]
[Black "Mihajlov, Sebastian"]
[Result "1-0"]
[WhiteElo "2312"]
[BlackElo "2379"]
[Annotator "NA"]
[PlyCount "71"]
[EventDate "2017.??.??"]
[EventType "team-tourn"]
[EventCountry "NOR"]
[SourceTitle "playchess.com"]
[Source "ChessBase"]
[SourceQuality "1"]
[TimeControl "40/5400+30:1800+30"]

1. e4 {[%emt 0:00:44]} c6 {[%emt 0:03:59]} 2. d4 {[%emt 0:02:10]} d5 {[%emt 0:00:11]} 3. Nc3 {[%emt 0:00:10]} dxe4 {[%emt 0:00:06]} 4. Nxe4 {[%emt 0:00:03]} Bf5 {[%emt 0:00:07]} 5. Ng3 {[%emt 0:00:03]} Bg6 {[%emt 0:00:06]} 6. h4 {[%emt 0:00:02]} h6 {[%emt 0:00:07]} 7. Nf3 {[%emt 0:00:02]} Nd7 {[%emt 0:00:12]} 8. h5 {[%emt 0:00:04]} Bh7 {[%emt 0:00:05]} 9. Bd3 {[%emt 0:00:02]} Bxd3 {[%emt 0:00:08]} 10. Qxd3 {[%emt 0:00:03]} e6 {[%emt 0:00:12]} 11. Bf4 {[%emt 0:00:09]} Bb4+ {[%emt 0:00:31]} 12. c3 {[%emt 0:00:10]} Be7 {[%emt 0:00:19]} 13. O-O-O {[%emt 0:04:37]} Ngf6 {[%emt 0:00:11] B19: Caro-Kann (Hauptvariante)} 14. Ne4 {[%emt 0:00:38]} (14. Kb1 O-O 15. c4 a5 16. Nf1 b5 17. c5 Nd5 18. Bd2 Qc7 19. g4 Rad8 20. Ng3 N7f6 21. g5 hxg5 22. Nxg5 {1-0 (63) Svidler,P (2765)-Ivanchuk,V (2729) Monte Carlo 2006}) 14... Nxe4 {[%emt 0:00:12]} 15. Qxe4 {[%emt 0:00:03]} Nf6 {[%emt 0:00:22]} 16. Qc2 {[%emt 0:03:31]} O-O {[%emt 0:03:04]} 17. Kb1 {[%emt 0:02:06] LiveBook: 8 Games [#]} (17. g4 $5 {[%cal Rg4g5]}) 17... a5 $146 {[%emt 0:02:43]} ({Vorgänger:} 17... Bd6 18. Bxd6 Qxd6 19. Ne5 c5 20. g4 cxd4 21. f4 {1-0 (53) Noble,M (2497)-Carlsen,T (2641) ICCF email 2007}) 18. Rhg1 {[%emt 0:09:28]} (18. g4 $14) 18... Nxh5 {[%emt 0:03:00]} 19. Bc1 {[%emt 0:01:37]} Nf6 {[%emt 0:12:30]} 20. g4 {[%emt 0:00:39]} Qd5 {[%emt 0:01:50]} 21. Ne5 {[%emt 0:02:21]} Qe4 {[%emt 0:16:24]} 22. Rd3 {[%emt 0:00:06]} Nd5 {[%emt 0:00:03]} 23. f3 {[%emt 0:04:20]} Qh7 {[%emt 0:00:05]} 24. f4 {[%emt 0:02:12]} f6 25. Nf3 $1 {[%emt 0:01:13]} Bd6 {[%emt 0:01:54]} ({Better is} 25... g5 $15) 26. g5 {[%emt 0:05:36]} Bxf4 {[%emt 0:01:25]} 27. g6 {[%emt 0:00:04]} Qh8 {[%emt 0:00:06] [#]} 28. c4 $1 {[%emt 0:03:10]} Nb4 {[%emt 0:10:27]} 29. Qe2 {[%emt 0:00:07]} e5 {[%emt 0:02:30]} 30. Bxf4 {[%emt 0:02:24]} Nxd3 {[%emt 0:00:05]} 31. Qxd3 {[%emt 0:00:06]} exf4 {[%emt 0:00:08]} 32. Qf5 {[%emt 0:00:17]} Rae8 {[%emt 0:00:17]} 33. Qd7 $18 {[%emt 0:02:51]} h5 {[%emt 0:03:26]} 34. Qf5 {[%emt 0:02:19]} Re3 {[%emt 0:03:26]} 35. Rh1 {[%emt 0:00:04]} Rfe8 36. Rxh5 {[%emt 0:00:29]} 1-0